Kvalita bývania, intenzívnejšie vnímanie jej hodnoty spotrebiteľmi a konzekvencie pre spotrebiteľský marketing dizertačná práca
Salvato in:
| Autore principale: | |
|---|---|
| Ente Autore: | |
| Altri autori: | |
| Natura: | Libro |
| Lingua: | slovacco |
| Pubblicazione: |
Bratislava
2023
|
| Soggetti: | |
| Tags: |
Nessun Tag, puoi essere il primo ad aggiungerne!!
|
MARC
| LEADER | 00000nbm a2200000 4500 | ||
|---|---|---|---|
| 001 | 0295318 | ||
| 005 | 20230712085122.5 | ||
| 041 | 0 | |a slo | |
| 044 | |a SK | ||
| 245 | 1 | 0 | |a Kvalita bývania, intenzívnejšie vnímanie jej hodnoty spotrebiteľmi a konzekvencie pre spotrebiteľský marketing |b dizertačná práca |c Michal Vávra ; školiteľ: Peter Drábik |
| 264 | 1 | |a Bratislava |c 2023 | |
| 300 | |a 198 s. | ||
| 610 | 2 | 0 | |a bývanie |
| 610 | 2 | 0 | |a kvalita |
| 610 | 2 | 0 | |a správanie spotrebiteľa |
| 610 | 2 | 0 | |a marketing |
| 100 | 1 | |a Vávra, Michal, 1996- | |
| 700 | 1 | |a Drábik, Peter, 1981- | |
| 710 | 2 | |a Obchodná fakulta EU. Katedra marketingu | |